000 01042am a2200409a 44500
003 AR-BaBNM
005 20251128211157.0
008 173020s2000 #AR|||||||||||000 | spa||
020 _a950-9810-46-0
040 _cAR-BaBNM
245 1 0 _aMujeres, maternidad y peronismo
260 _aSanta Rosa
_bFondo Editorial Pampeano
_c2000
300 _a154 p.
_bláms.
490 0 _aSerie 2000
610 2 4 _aPartido Justicialista
610 2 4 _aFUNDACION EVA PERON
650 4 _aHISTORIA ARGENTINA
650 4 _aSALUD
650 4 _aMUJERES
650 4 _aPOLITICA
650 4 _aCRISIS POLITICAS
650 4 _aSINDICATOS
650 4 _aHISTORIA PAMPEANA
650 4 _aMADRES
650 4 _aMAESTROS DE ESCUELA
651 4 _aArgentina
653 _aPERONISMO
653 _aPERONISMO
700 1 _aDi Liscia, María Herminia
700 1 _aFolco, María Esther
700 1 _aLluch, Andrea
700 1 _aMorales, Mónica
700 1 _aRodríguez, Ana María
700 1 _aZink, Mirta
942 _cBK
998 _cMariana
999 _c18586
_d18586